Evaluación y cambio educativo: análisis cualitativo del fracaso escolar
Saved in:
| Main Author: | |
|---|---|
| Format: | Book |
| Language: | Spanish |
| Published: |
Madrid
Morata
1988
|
| Edition: | 2a. ed |
| Series: | Colección Pedagogía. La Pedagogía Hoy
|
| Subjects: | |
| Tags: |
Add Tag
No Tags, Be the first to tag this record!
|
MARC
| LEADER | 00000nam a2200000 a 4500 | ||
|---|---|---|---|
| 001 | UCU2928 | ||
| 003 | CL-VaPUC | ||
| 008 | 960502e19880000SP |||||||||||||||||spa|d | ||
| 082 | 0 | 4 | |a 371.28 |b FER |2 21 |
| 100 | 0 | |a Fernández Pérez, Miguel |e author |9 359511 | |
| 245 | 1 | 0 | |a Evaluación y cambio educativo: análisis cualitativo del fracaso escolar |
| 250 | |a 2a. ed | ||
| 300 | |a 302 p | ||
| 942 | |c BK | ||
| 945 | |d 19960502 00:00:00 |a mcarcey | ||
| 260 | |a Madrid |b Morata |c 1988 | ||
| 650 | 7 | |a FRACASO ESCOLAR |2 CL-VaPUC |9 308828 | |
| 650 | 0 | |a Sociología de la educación |9 260380 | |
| 650 | 0 | |a Escolares |9 337248 | |
| 650 | 0 | |a Evaluación |9 271902 | |
| 583 | |a last modification |c 19960502 00:00:00 |k Rodrigo Vera | ||
| 490 | 0 | |a Colección Pedagogía. La Pedagogía Hoy | |
| 999 | |c 247089 |d 247087 | ||
| 952 | |0 0 |1 0 |4 0 |6 371_280000000000000_FER_1988 |7 0 |8 A |9 262683 |a BIBEDU |b BIBEDU |d 2019-11-19 |i 319602K |o 371.28 FER 1988 |p 319602K |r 2019-11-19 |w 2019-11-19 |y BK |k EDU | ||